From fatwa to jihad / (Record no. 15616)

000 -LEADER
fixed length control field 00956cam a2200289 a 4500
001 - CONTROL NUMBER
control field 16104740
005 - DATE AND TIME OF LATEST TRANSACTION
control field 20170105102922.0
008 - FIXED-LENGTH DATA ELEMENTS--GENERAL INFORMATION
fixed length control field 100223s2010 nyu b 001 0 eng
010 ## - LIBRARY OF CONGRESS CONTROL NUMBER
LC control number 2010923402
020 ## - INTERNATIONAL STANDARD BOOK NUMBER
International Standard Book Number 9781935554004
040 ## - CATALOGING SOURCE
Original cataloging agency DLC
Transcribing agency DLC
042 ## - AUTHENTICATION CODE
Authentication code pcc
050 00 - LIBRARY OF CONGRESS CALL NUMBER
Classification number PR6068.U757
Item number S273526 2010
082 00 - DEWEY DECIMAL CLASSIFICATION NUMBER
Classification number 823/.914
Edition number 22
100 1# - MAIN ENTRY--PERSONAL NAME
Personal name Malik, Kenan,
Dates associated with a name 1960-
245 10 - TITLE STATEMENT
Title From fatwa to jihad /
Statement of responsibility, etc. Kenan Malik.
250 ## - EDITION STATEMENT
Edition statement 1st U.S. ed.
260 ## - PUBLICATION, DISTRIBUTION, ETC.
Place of publication, distribution, etc. Brooklyn, NY :
Name of publisher, distributor, etc. Melville House Pub.,
Date of publication, distribution, etc. 2010.
300 ## - PHYSICAL DESCRIPTION
Extent xxi, 266 p. ;
Dimensions 21 cm.
504 ## - BIBLIOGRAPHY, ETC. NOTE
Bibliography, etc. note Includes bibliographical references (p. 241-253) and index.
600 10 - SUBJECT ADDED ENTRY--PERSONAL NAME
Personal name Rushdie, Salman.
Title of a work Satanic verses.
600 10 - SUBJECT ADDED ENTRY--PERSONAL NAME
Personal name Rushdie, Salman
General subdivision Censorship.
650 #0 - SUBJECT ADDED ENTRY--TOPICAL TERM
Topical term or geographic name entry element Islam and literature.
906 ## - LOCAL DATA ELEMENT F, LDF (RLIN)
a 7
b cbc
c orignew
d 2
e epcn
f 20
g y-gencatlg
942 ## - ADDED ENTRY ELEMENTS (KOHA)
Source of classification or shelving scheme
Koha item type Book
Holdings
Withdrawn status Lost status Damaged status Not for loan Collection code Permanent Location Current Location Shelving location Date acquired Total Checkouts Full call number Barcode Date last seen Price effective from Koha item type
          Centre for International Peace & Stability (CIPS) Centre for International Peace & Stability (CIPS) General Stacks 10/02/2013   823.914 MAL 2010 CIPS0002360 12/06/2013 12/06/2013 Book
© 2023 Central Library, National University of Sciences and Technology. All Rights Reserved.